00525nam a2200193 a 4500001001300000003000900013005001700022008004100039020002500080082001600105100002000121245004300141260005000184300000900234500003500243505001000278650002300288700002000311nice12345678IN_TiNIC20260116012250.0050524s1985 cama grp 000 0 eng  a0521129 c500.500a181.07bHOU aHourani, George aReason and Tradition in Islamic Ethics aCambridge bCambridge University Press c1985 a282p aincludes index and biblioraphy2 aIndex aPhilosophy-Islamic1 aHourani, George